[Event "Issyk Kul op"]
[Site "Cholpon Ata"]
[Date "2019.08.21"]
[Round "6"]
[White "Khailaev, Mamatkul"]
[Black "Sezdbekov, Ruslan"]
[Result "0-1"]
[WhiteElo "2175"]
[BlackElo "2212"]
[PlyCount "80"]
[EventDate "2019.08.19"]
[EventType "swiss"]
[EventRounds "9"]
[EventCountry "KGZ"]
[SourceTitle "EXT 2020"]
[Source "ChessBase"]
[SourceDate "2019.10.17"]
[SourceVersion "1"]
[SourceVersionDate "2019.10.17"]
[SourceQuality "1"]

1. d4 Nf6 2. c4 e6 3. Nf3 d5 4. Nc3 Be7 5. Bg5 0-0 6. e3 Nbd7 7. Qc2 c6 8. cxd5 exd5 9. Bd3 Re8 10. 0-0 Nf8 11. Rab1 Ne4 12. Bxe7 Qxe7 13. Bxe4 dxe4 14. Nd2 Bf5 15. f3 Qg5 16. f4 Qe7 17. Ne2 Be6 18. b3 Nd7 19. f5 Bd5 20. Nf4 Qg5 21. Nc4 Bxc4 22. bxc4 Rab8 23. Qa4 Nb6 24. Qb3 Qxf5 25. Nd5 Qg5 26. Nxb6 axb6 27. c5 bxc5 28. Rxf7 c4 29. Qxc4 Qxe3+ 30. Rf2+ Kh8 31. Rb3 Qh6 32. Rh3 Qd6 33. Rf5 Rbd8 34. d5 cxd5 35. Qd4 Rc8 36. Re3 Rc1+ 37. Kf2 Qxh2 38. Qd2 Qh4+ 39. Rg3 Rcc8 40. Rf4 Rf8 0-1

[Event "Agzamov Memorial 03rd"]
[Site "Tashkent"]
[Date "2009.03.17"]
[Round "2"]
[White "Khailaev, Mamatkul"]
[Black "Khamrakulov, Djurabek"]
[Result "0-1"]
[WhiteElo "2233"]
[BlackElo "2525"]
[PlyCount "100"]
[EventDate "2009.03.15"]
[EventType "swiss"]
[EventRounds "9"]
[EventCountry "UZB"]
[SourceTitle "CBM 129 Extra"]
[Source "ChessBase"]
[SourceDate "2009.05.05"]
[SourceVersion "2"]
[SourceVersionDate "2009.05.20"]
[SourceQuality "1"]

1. d4 Nf6 2. c4 c6 3. Nc3 d6 4. Nf3 Nbd7 5. e4 e5 6. Be2 Be7 7. 0-0 0-0 8. Qc2 Qc7 9. Rd1 Re8 10. b3 Nf8 11. d5 Bd7 12. Ne1 Rac8 13. a4 cxd5 14. Nxd5 Nxd5 15. Rxd5 Ne6 16. Nf3 Bc6 17. Rd1 Nc5 18. Nd2 Bg5 19. Ba3 Bxd2 20. Bxc5 dxc5 21. Rxd2 Rcd8 22. Rad1 Rd4 23. f3 Red8 24. Rxd4 Rxd4 25. Rxd4 cxd4 26. Bd3 Qa5 27. Kf2 b6 28. g3 f6 29. Bf1 Kf7 30. Bd3 Ke7 31. f4 Kd6 32. Qc1 Qb4 33. fxe5+ fxe5 34. Qg5 Bd7 35. Qxg7 Qd2+ 36. Be2 d3 37. Qf6+ Kc7 38. Qxe5+ Kc8 39. Qh5 a5 40. Qf3 dxe2 41. Qxe2 Qxe2+ 42. Kxe2 Kc7 43. Ke3 Kc6 44. Kf4 Kc5 45. g4 Kb4 46. h4 Kxb3 47. h5 Kxc4 48. g5 Kd4 49. g6 h6 50. Kf3 Bxa4 0-1

[Event "New Delhi Parsvnath op 6th"]
[Site "New Delhi"]
[Date "2008.01.17"]
[Round "7"]
[White "Diwan, Rajesh"]
[Black "Khailaev, Mamatkul"]
[Result "1-0"]
[WhiteElo "2084"]
[BlackElo "2288"]
[PlyCount "121"]
[EventDate "2008.01.13"]
[EventType "swiss"]
[EventRounds "10"]
[EventCountry "IND"]
[SourceTitle "CBM 122 Extra"]
[Source "ChessBase"]
[SourceDate "2008.03.04"]
[SourceVersion "1"]
[SourceVersionDate "2008.03.04"]
[SourceQuality "1"]

1. d4 Nf6 2. c4 g6 3. Nc3 Bg7 4. e4 d6 5. f3 0-0 6. Be3 Nc6 7. Qd2 e5 8. d5 Ne7 9. g4 Ne8 10. h4 f5 11. gxf5 gxf5 12. Bh6 f4 13. Bxg7 Nxg7 14. h5 h6 15. 0-0-0 Kh7 16. Qh2 Ng8 17. Rd2 a6 18. Bh3 Qh4 19. Qg2 Qf6 20. Bg4 Ne7 21. Nh3 Rg8 22. Qf1 Ne8 23. Rg2 Qf7 24. Rhg1 Nf6 25. Kb1 Bd7 26. Nd1 Kh8 27. Nhf2 Nxg4 28. Nxg4 Bxg4 29. fxg4 f3 30. Rg3 Raf8 31. Nf2 Qf4 32. Qc1 Qxc1+ 33. Kxc1 Rf4 34. Kd2 Rgf8 35. Ke3 Ng8 36. g5 hxg5 37. Rxg5 Nf6 38. Rg6 Rg8 39. Rh6+ Nh7 40. Rgg6 Rg7 41. Nh3 Rf8 42. Kf2 Kg8 43. Rxg7+ Kxg7 44. Rg6+ Kh8 45. Rg3 Nf6 46. Ng5 Rg8 47. Kxf3 Nxh5 48. Nf7+ Kh7 49. Rxg8 Kxg8 50. Nd8 Nf4 51. Nxb7 Nd3 52. c5 dxc5 53. b3 Kf7 54. Ke3 Nc1 55. Nxc5 Nxa2 56. Kd2 Ke7 57. Kc2 c6 58. dxc6 Kd6 59. c7 Kxc7 60. Kb2 Kc6 61. Nd3 1-0

[Event "New Delhi Parsvnath op 6th"]
[Site "New Delhi"]
[Date "2008.01.15"]
[Round "4"]
[White "Khailaev, Mamatkul"]
[Black "Batyrov, Sapar"]
[Result "0-1"]
[WhiteElo "2288"]
[BlackElo "2471"]
[PlyCount "70"]
[EventDate "2008.01.13"]
[EventType "swiss"]
[EventRounds "10"]
[EventCountry "IND"]
[SourceTitle "CBM 122 Extra"]
[Source "ChessBase"]
[SourceDate "2008.03.04"]
[SourceVersion "1"]
[SourceVersionDate "2008.03.04"]
[SourceQuality "1"]

1. d4 d5 2. c4 c6 3. Nc3 Nf6 4. Nf3 a6 5. e3 g6 6. Be2 Bg7 7. 0-0 0-0 8. c5 Bg4 9. Ne5 Bxe2 10. Qxe2 Nfd7 11. Nd3 e5 12. dxe5 Nxe5 13. e4 d4 14. Na4 Nbd7 15. Bf4 Nxd3 16. Qxd3 Qh4 17. g3 Qh3 18. f3 Rfe8 19. b4 Re6 20. Nb2 a5 21. a3 g5 22. Bxg5 Ne5 23. Qe2 d3 24. Qe3 h6 25. Bf4 Rd8 26. Qd2 f5 27. Rae1 fxe4 28. fxe4 Ng4 29. Nc4 Bc3 30. Qg2 Qxg2+ 31. Kxg2 Bxe1 32. Rxe1 axb4 33. axb4 Rd4 34. Nb2 d2 35. Rd1 Rexe4 0-1